[Event "Moscow Blondes-Brunettes m 13th"]
[Site "Moscow"]
[Date "2024.03.14"]
[Round "3.2"]
[White "Bivol, Alina"]
[Black "Gvanceladze, Anna"]
[Result "1-0"]
[WhiteElo "2354"]
[BlackElo "2077"]
[PlyCount "45"]
[EventDate "2024.03.14"]
[EventType "schev (blitz)"]
[EventRounds "8"]
[EventCountry "RUS"]
[SourceTitle "CB13_2024"]
[SourceDate "2024.03.27"]
[SourceVersion "1"]
[SourceVersionDate "2024.03.27"]
[SourceQuality "1"]
[WhiteTeam "Blondes"]
[BlackTeam "Brunettes"]
[WhiteTeamCountry "RUS"]
[BlackTeamCountry "RUS"]

1. e4 c6 2. Nf3 d5 3. d3 Qc7 4. Nc3 dxe4 5. dxe4 e5 6. Bc4 Be7 7. Ng5 Bxg5 8. Bxg5 Ne7 9. 0-0 0-0 10. a4 Na6 11. Kh1 Nc5 12. f4 Be6 13. Qe2 exf4 14. Bxf4 Qc8 15. Bd6 Bxc4 16. Qxc4 Ne6 17. Bxe7 Re8 18. Bd6 Qd7 19. e5 Rad8 20. Ne4 a6 21. Rf2 b5 22. Qc3 Rc8 23. Raf1 1-0

[Event "Moscow Blondes-Brunettes m 13th"]
[Site "Moscow"]
[Date "2024.03.14"]
[Round "4.1"]
[White "Gvanceladze, Anna"]
[Black "Gunina, Valentina"]
[Result "0-1"]
[WhiteElo "2077"]
[BlackElo "2437"]
[PlyCount "102"]
[EventDate "2024.03.14"]
[EventType "schev (blitz)"]
[EventRounds "8"]
[EventCountry "RUS"]
[SourceTitle "CB13_2024"]
[SourceDate "2024.03.27"]
[SourceVersion "1"]
[SourceVersionDate "2024.03.27"]
[SourceQuality "1"]
[WhiteTeam "Brunettes"]
[BlackTeam "Blondes"]
[WhiteTeamCountry "RUS"]
[BlackTeamCountry "RUS"]

1. d4 d5 2. Nf3 Nf6 3. Bf4 c5 4. e3 Qb6 5. b3 Bg4 6. Be2 e6 7. 0-0 Nc6 8. c3 Be7 9. Nbd2 0-0 10. h3 Bh5 11. Rc1 Rac8 12. Ne5 Nxe5 13. Bxe5 Bg6 14. Bxf6 Bxf6 15. Nf3 Rfd8 16. Bd3 Bh5 17. Be2 Qa5 18. Qd2 Bxf3 19. Bxf3 cxd4 20. exd4 Rc7 21. Rc2 Rdc8 22. Rfc1 h6 23. Be2 Rc6 24. Qe3 Qc7 25. f4 a6 26. g3 Qb6 27. Bd3 g6 28. Kg2 Kg7 29. h4 h5 30. Qd2 Qa7 31. Qe3 b5 32. b4 R6c7 33. a3 Qb6 34. Kf3 a5 35. Qd2 Rc6 36. Qe3 axb4 37. axb4 Ra8 38. Qe2 Ra3 39. Bxb5 Rc7 40. Kg2 Qd6 41. Bd3 Rb3 42. Qd2 Ra7 43. Ra2 Rba3 44. Rca1 Rxa2 45. Rxa2 Rc7 46. Ra3 Qe7 47. Rb3 Ra7 48. b5 Qb7 49. b6 Ra5 50. Qb2 Bd8 51. c4 dxc4+ 0-1

[Event "RUS-ch Rapid (Women)"]
[Site "Sochi"]
[Date "2023.10.16"]
[Round "7"]
[White "Timofeeva, Ekaterina"]
[Black "Gvanceladze, Anna"]
[Result "1-0"]
[WhiteElo "2294"]
[BlackElo "2077"]
[PlyCount "99"]
[EventDate "2023.10.15"]
[EventType "swiss (rapid)"]
[EventRounds "11"]
[EventCountry "RUS"]
[SourceTitle "Mega2024 Update 01"]
[Source "Chessbase"]
[SourceDate "2023.11.12"]
[SourceVersion "1"]
[SourceVersionDate "2023.11.12"]
[SourceQuality "1"]

1. Nf3 d5 2. g3 c6 3. Bg2 Bg4 4. c4 e6 5. cxd5 exd5 6. h3 Bxf3 7. Bxf3 Nf6 8. d3 Nbd7 9. Nc3 Bc5 10. 0-0 0-0 11. Bg2 Re8 12. e4 dxe4 13. dxe4 a5 14. Kh2 b5 15. Qc2 Qe7 16. Re1 Rac8 17. f4 Nb6 18. e5 Nfd5 19. Ne4 Bb4 20. Re2 Qc7 21. a3 Bf8 22. Bd2 a4 23. Ba5 h6 24. Rc1 Qa7 25. Be1 Nc4 26. Bf2 Qa5 27. Nc5 Bxc5 28. Bxc5 Rcd8 29. Rce1 Qc7 30. b3 axb3 31. Qxb3 Qd7 32. Rd1 Qe6 33. Qc2 Qc8 34. Be4 Qa6 35. Qb3 Qa5 36. Bb1 Qc3 37. Rd3 Qa5 38. Qc2 g6 39. e6 f5 40. Ba2 Ncb6 41. e7 Rd7 42. Re6 Kf7 43. Rxc6 Nc4 44. Bxc4 bxc4 45. Qxc4 Rexe7 46. Bxe7 Kxe7 47. Rc5 Qe1 48. Qc2 Ne3 49. Re5+ Kf6 50. Rexe3 1-0

[Event "RUS-ch Blitz (Women)"]
[Site "Sochi"]
[Date "2023.10.14"]
[Round "2"]
[White "Gvanceladze, Anna"]
[Black "Charochkina, Daria"]
[Result "1/2-1/2"]
[WhiteElo "2077"]
[BlackElo "2301"]
[PlyCount "51"]
[EventDate "2023.10.14"]
[EventType "swiss (blitz)"]
[EventRounds "13"]
[EventCountry "RUS"]
[SourceTitle "Mega2024 Update 01"]
[Source "Chessbase"]
[SourceDate "2023.11.12"]
[SourceVersion "1"]
[SourceVersionDate "2023.11.12"]
[SourceQuality "1"]

1. d4 d6 2. Nc3 Nf6 3. e4 g6 4. Bf4 Bg7 5. Qd2 a6 6. Bh6 Bxh6 7. Qxh6 e5 8. 0-0-0 exd4 9. Rxd4 Nc6 10. Rd1 Ng4 11. Qd2 Be6 12. f4 Nf6 13. Nf3 Qe7 14. Ng5 0-0-0 15. Nd5 Bxd5 16. exd5 Nb8 17. Bc4 h6 18. Nf3 Nbd7 19. Rhe1 Qf8 20. Qa5 Nb6 21. Bxa6 bxa6 22. Qxa6+ Kd7 23. Qb5+ Kc8 24. Qa6+ Kd7 25. Qb5+ Kc8 26. Qa6+ 1/2-1/2

[Event "Moscow Blondes-Brunettes m 12th"]
[Site "Moscow"]
[Date "2023.04.02"]
[Round "8.6"]
[White "Borisova, Ekaterina"]
[Black "Gvanceladze, Anna"]
[Result "0-1"]
[WhiteElo "2254"]
[BlackElo "2138"]
[PlyCount "80"]
[EventDate "2023.04.02"]
[EventType "schev (blitz)"]
[EventRounds "9"]
[EventCountry "RUS"]
[SourceTitle "CBM 213 Extra"]
[Source "ChessBase"]
[SourceDate "2023.05.31"]
[SourceVersion "1"]
[SourceVersionDate "2023.05.31"]
[SourceQuality "1"]
[WhiteTeam "Blondes"]
[BlackTeam "Brunettes"]
[WhiteTeamCountry "RUS"]
[BlackTeamCountry "RUS"]

1. d4 d5 2. c4 c6 3. cxd5 cxd5 4. Bg5 Nf6 5. Bxf6 gxf6 6. Nc3 e6 7. e3 Nc6 8. Rc1 f5 9. f4 Bg7 10. Nf3 Bd7 11. Bd3 Rc8 12. h3 h5 13. Kf2 Bf6 14. Nb5 Qe7 15. a3 a6 16. Nc3 Na5 17. Nd2 Nc4 18. Nxc4 dxc4 19. Be2 b5 20. Bxh5 Bc6 21. Bf3 Bxf3 22. Qxf3 Rg8 23. g3 b4 24. axb4 Qxb4 25. Rc2 Qb3 26. Rd2 a5 27. Ra1 Qb6 28. d5 Bxc3 29. bxc3 Ke7 30. dxe6 fxe6 31. Qh5 Rgd8 32. Rd4 Rxd4 33. Qh7+ Kd6 34. Re1 Rd2+ 35. Kf3 Qc6+ 36. e4 Rd3+ 37. Kf2 fxe4 38. Qg7 Qb6+ 39. Kf1 Rf3+ 40. Kg2 Qf2+ 0-1

[Event "Moscow Blondes-Brunettes m 12th"]
[Site "Moscow"]
[Date "2023.04.02"]
[Round "3.6"]
[White "Gvanceladze, Anna"]
[Black "Fominykh, Maria"]
[Result "0-1"]
[WhiteElo "2138"]
[BlackElo "2186"]
[PlyCount "86"]
[EventDate "2023.04.02"]
[EventType "schev (blitz)"]
[EventRounds "9"]
[EventCountry "RUS"]
[SourceTitle "CBM 213 Extra"]
[Source "ChessBase"]
[SourceDate "2023.05.31"]
[SourceVersion "1"]
[SourceVersionDate "2023.05.31"]
[SourceQuality "1"]
[WhiteTeam "Brunettes"]
[BlackTeam "Blondes"]
[WhiteTeamCountry "RUS"]
[BlackTeamCountry "RUS"]

1. d4 Nf6 2. Nf3 g6 3. Nc3 Bg7 4. e4 d6 5. Bf4 c6 6. Qd2 Qa5 7. Bd3 b5 8. e5 dxe5 9. dxe5 Nfd7 10. 0-0 Nc5 11. Rad1 Nxd3 12. cxd3 Bg4 13. Qe3 0-0 14. h3 Bxf3 15. Qxf3 b4 16. Ne4 Bxe5 17. Bxe5 Qxe5 18. d4 Qd5 19. Qe3 Nd7 20. b3 Nf6 21. Nc5 Rfe8 22. Rd3 e5 23. dxe5 Qxe5 24. Qc1 Rad8 25. Rfd1 Rxd3 26. Nxd3 Qb5 27. Qf4 Nd5 28. Qh6 Nc3 29. Ra1 Qxd3 30. g3 Qe4 31. h4 Ne2+ 32. Kh2 Nd4 33. Rc1 Nf3+ 34. Kh3 Qf5+ 35. Kg2 Nd4 36. Rc4 Qd5+ 37. Kh2 Nf3+ 38. Kh3 Ng1+ 39. Kh2 Nf3+ 40. Kh3 Ne5 41. Rc1 Qf3 42. Qd2 Nd3 43. Rf1 Rf8 0-1

[Event "RUS GP Top 28 Rapid (Women)"]
[Site "Khanty-Mansiysk"]
[Date "2022.12.01"]
[Round "4"]
[White "Alekseenko, Mariya"]
[Black "Gvanceladze, Anna"]
[Result "0-1"]
[WhiteElo "1871"]
[BlackElo "2138"]
[PlyCount "118"]
[EventDate "2022.12.01"]
[EventType "tourn (rapid)"]
[EventRounds "13"]
[EventCountry "RUS"]
[SourceTitle "CBM 211 Extra"]
[Source "ChessBase"]
[SourceDate "2023.01.31"]
[SourceVersion "1"]
[SourceVersionDate "2023.01.31"]
[SourceQuality "1"]

1. Nf3 d5 2. g3 c6 3. Bg2 Bg4 4. 0-0 Nd7 5. d3 e6 6. Nbd2 Bc5 7. e4 Ne7 8. Qe1 a5 9. h3 Bh5 10. b3 a4 11. Bb2 0-0 12. a3 axb3 13. cxb3 f6 14. e5 f5 15. Ng5 Bf7 16. Ndf3 h6 17. Nxf7 Rxf7 18. b4 Bb6 19. d4 Ra4 20. Nd2 f4 21. g4 Ng6 22. Nf3 Nh4 23. Nxh4 Qxh4 24. f3 Qd8 25. Rf2 Qa8 26. Rc2 Qa7 27. Qd2 Nxe5 28. Re1 Nc4 29. Rxc4 dxc4 30. Rxe6 Bc7 31. Qe2 b5 32. Re8+ Kh7 33. Qe4+ g6 34. Qxc6 Bb6 35. Qd5 Qd7 36. Qe4 Ra6 37. Kh1 Bd8 38. d5 Bf6 39. Bxf6 Raxf6 40. Re6 Kg7 41. a4 bxa4 42. Qxc4 a3 43. Bf1 Qa7 44. Qa2 Rc7 45. Qa1 Rcf7 46. Bc4 g5 47. b5 Qa4 48. Rc6 Qb4 49. d6 Rd7 50. b6 Qb2 51. Qd1 a2 52. Bxa2 Qxa2 53. Rc7 Qe6 54. b7 Rf8 55. Qc1 Qxd6 56. Rc8 Rxb7 57. Qc3+ Qf6 58. Rc7+ Rxc7 59. Qxc7+ Rf7 0-1

[Event "RUS GP Top 28 Rapid (Women)"]
[Site "Khanty-Mansiysk"]
[Date "2022.12.01"]
[Round "3"]
[White "Gvanceladze, Anna"]
[Black "Borisova, Ekaterina"]
[Result "0-1"]
[WhiteElo "2138"]
[BlackElo "2223"]
[PlyCount "80"]
[EventDate "2022.12.01"]
[EventType "tourn (rapid)"]
[EventRounds "13"]
[EventCountry "RUS"]
[SourceTitle "CBM 211 Extra"]
[Source "ChessBase"]
[SourceDate "2023.01.31"]
[SourceVersion "1"]
[SourceVersionDate "2023.01.31"]
[SourceQuality "1"]

1. d4 Nf6 2. Nf3 g6 3. Nc3 d5 4. Bf4 Bg7 5. e3 0-0 6. Nb5 Na6 7. h3 Ne4 8. c3 f6 9. Be2 c6 10. Na3 e5 11. Bh2 Qe7 12. Nc2 Bf5 13. 0-0 Rad8 14. a4 Nb8 15. a5 c5 16. Na3 a6 17. c4 dxc4 18. Bxc4+ Kh8 19. Qa4 Nc6 20. dxe5 Nxe5 21. Nxe5 fxe5 22. Nb1 Qg5 23. f4 exf4 24. Bxf4 Qe7 25. Ra2 Nd6 26. b3 Nxc4 27. bxc4 g5 28. Bg3 Qxe3+ 29. Bf2 Qf4 30. Qa3 Bxb1 31. Rxb1 Be5 32. g3 Qf5 33. Rf1 Rd3 34. Qxc5 Rxg3+ 35. Bxg3 Qxf1+ 36. Kh2 Bxg3+ 37. Kxg3 Rf3+ 38. Kg4 Qxh3+ 39. Kxg5 h6+ 40. Kg6 Qg4+ 0-1

[Event "RUS-chT Rapid (Women)"]
[Site "Sochi"]
[Date "2022.10.19"]
[Round "9.1"]
[White "Gvanceladze, Anna"]
[Black "Shuvalova, Polina"]
[Result "1/2-1/2"]
[WhiteElo "2138"]
[BlackElo "2492"]
[PlyCount "82"]
[EventDate "2022.10.18"]
[EventType "team-swiss (rapid)"]
[EventRounds "9"]
[EventCountry "RUS"]
[SourceTitle "CBM 210 Extra"]
[Source "ChessBase"]
[SourceDate "2022.11.30"]
[SourceVersion "1"]
[SourceVersionDate "2022.11.30"]
[SourceQuality "1"]
[WhiteTeam "Moscow MGFSO (W)"]
[BlackTeam "Cheliabinsk Yuzhnyy Ural (W)"]
[WhiteTeamCountry "RUS"]
[BlackTeamCountry "RUS"]

1. d4 Nf6 2. Nf3 d5 3. c4 e6 4. cxd5 exd5 5. Nc3 c5 6. Bg5 Be6 7. e3 c4 8. Be2 Bb4 9. 0-0 Nbd7 10. Ne5 Bxc3 11. bxc3 0-0 12. Qc2 h6 13. Bh4 g5 14. Bg3 Ne4 15. Nxd7 Qxd7 16. f3 Nxg3 17. hxg3 Bf5 18. e4 Bg6 19. Qd2 dxe4 20. Bxc4 Rac8 21. Bb3 Rfe8 22. fxe4 Rxe4 23. Rf6 Kg7 24. Raf1 Re7 25. d5 Qg4 26. Qf2 Qe2 27. Rxg6+ fxg6 28. Qf6+ Kh7 29. d6 Rg7 30. Be6 Rxc3 31. Qxc3 Qxe6 32. Rf6 Qxa2 33. Qd4 Rd7 34. Kh2 Qg8 35. Qxa7 Qd5 36. Qb8 g4 37. Qe8 Qh5+ 38. Kg1 Qc5+ 39. Kh2 Qh5+ 40. Kg1 Qc5+ 41. Kh2 Qh5+ 1/2-1/2

[Event "RUS-ch Rapid (Women)"]
[Site "Sochi"]
[Date "2022.10.15"]
[Round "2"]
[White "Voit, Daria"]
[Black "Gvanceladze, Anna"]
[Result "1-0"]
[WhiteElo "2347"]
[BlackElo "2138"]
[PlyCount "101"]
[EventDate "2022.10.15"]
[EventType "swiss (rapid)"]
[EventRounds "11"]
[EventCountry "RUS"]
[SourceTitle "CBM 210 Extra"]
[Source "ChessBase"]
[SourceDate "2022.11.30"]
[SourceVersion "1"]
[SourceVersionDate "2022.11.30"]
[SourceQuality "1"]

1. d4 d5 2. c4 c6 3. Nf3 Nf6 4. e3 Bf5 5. Nc3 e6 6. Nh4 Be4 7. f3 Bg6 8. Qb3 Qc7 9. Bd2 Be7 10. Nxg6 hxg6 11. 0-0-0 Nbd7 12. cxd5 cxd5 13. Kb1 a6 14. Rc1 Qb6 15. Qa4 Qa7 16. Bd3 0-0 17. g4 b5 18. Qd1 Nb6 19. h4 Nc4 20. Ne2 Rfc8 21. Nf4 Bd6 22. Bxc4 dxc4 23. g5 Nh5 24. Nxh5 gxh5 25. g6 fxg6 26. Rg1 Qf7 27. Qc2 Be7 28. Rxg6 Bf6 29. Rcg1 a5 30. e4 Bxd4 31. Bc3 e5 32. Rxg7+ Qxg7 33. Rxg7+ Kxg7 34. Qg2+ Kf7 35. Qg5 Bxc3 36. bxc3 Rg8 37. Qf5+ Ke7 38. Qxe5+ Kd7 39. Qxb5+ Ke7 40. Qc5+ Kd7 41. Kb2 Rab8+ 42. Ka3 Rg2 43. Qd5+ Kc7 44. Qxc4+ Kd7 45. Qd5+ Kc7 46. e5 Rbb2 47. e6 Rbd2 48. Qc5+ Kd8 49. Qf8+ Kc7 50. e7 Rxa2+ 51. Kb3 1-0

[Event "Cheliabinsk Panchenko Memorial op-B"]
[Site "Cheliabinsk"]
[Date "2022.09.21"]
[Round "10"]
[White "Bulatova, Kamaliya"]
[Black "Gvanceladze, Anna"]
[Result "1-0"]
[WhiteElo "2139"]
[BlackElo "2183"]
[PlyCount "119"]
[EventDate "2022.09.12"]
[EventType "swiss"]
[EventRounds "10"]
[EventCountry "RUS"]
[SourceTitle "CBM 210 Extra"]
[Source "ChessBase"]
[SourceDate "2022.11.30"]
[SourceVersion "1"]
[SourceVersionDate "2022.11.30"]
[SourceQuality "1"]

1. c4 e5 2. Nc3 Nf6 3. e3 Nc6 4. b3 g6 5. Bb2 Bg7 6. Be2 d5 7. cxd5 Nxd5 8. Nxd5 Qxd5 9. Bf3 Qd6 10. Ne2 0-0 11. 0-0 Rd8 12. Bc3 f5 13. Bxc6 Qxc6 14. d4 b6 15. Qe1 Bb7 16. f3 Ba6 17. Rc1 Bh6 18. Qf2 Bxe2 19. Qxe2 exd4 20. Bxd4 Qe6 21. Rce1 Rd7 22. b4 Re8 23. Qb2 Qd5 24. Qa3 Bf8 25. Rd1 Qc4 26. Qxa7 Qxb4 27. Bc5 Qxc5 28. Rxd7 Qxe3+ 29. Kh1 Qe2 30. Rdd1 Bd6 31. Qa4 Qe5 32. Qc4+ Kf8 33. Qh4 Qe7 34. Qh3 Kg7 35. g4 f4 36. Qg2 Qe2 37. Rd2 Qxg2+ 38. Kxg2 Kf7 39. h4 Re5 40. Rc1 Ra5 41. Rc4 Ke6 42. Re4+ Kf7 43. Rde2 Ra3 44. g5 Ra5 45. Kh3 Rd5 46. Re8 Rd1 47. Kg2 Rd5 48. Rd8 Ra5 49. Rd7+ Kg8 50. Kh3 Ra8 51. Kg4 Rc8 52. h5 gxh5+ 53. Kxh5 Rf8 54. Kh6 Rf5 55. Rg7+ Kf8 56. Rxh7 Kg8 57. Rg7+ Kf8 58. Re6 Be5 59. Rd7 b5 60. Kg6 1-0

[Event "Cheliabinsk Panchenko Memorial op-B"]
[Site "Cheliabinsk"]
[Date "2022.09.12"]
[Round "1"]
[White "Gvanceladze, Anna"]
[Black "Komissarova, Soigina"]
[Result "1/2-1/2"]
[WhiteElo "2183"]
[BlackElo "1841"]
[PlyCount "109"]
[EventDate "2022.09.12"]
[EventType "swiss"]
[EventRounds "10"]
[EventCountry "RUS"]
[SourceTitle "CBM 210 Extra"]
[Source "ChessBase"]
[SourceDate "2022.11.30"]
[SourceVersion "1"]
[SourceVersionDate "2022.11.30"]
[SourceQuality "1"]

1. d4 d5 2. Nf3 e6 3. c4 c6 4. e3 Bd6 5. Nc3 f5 6. Bd3 Qf6 7. b3 Nh6 8. Bb2 0-0 9. Qd2 Nd7 10. 0-0-0 a6 11. Kb1 b5 12. Ka1 Qe7 13. h3 Nf6 14. Ne5 Bd7 15. f3 Nf7 16. Nxf7 Qxf7 17. g4 Rae8 18. e4 fxe4 19. fxe4 dxe4 20. Nxe4 Nxe4 21. Bxe4 e5 22. d5 c5 23. Qd3 g6 24. Bc1 Qg7 25. Be3 b4 26. Rdf1 Rf4 27. Bxf4 exf4+ 28. Kb1 Be5 29. Re1 Bd4 30. Rhf1 Qh6 31. Qf3 Rf8 32. Bd3 Be3 33. d6 g5 34. Rxe3 fxe3 35. Bf5 Bxf5+ 36. gxf5 Qxd6 37. Qxe3 h6 38. Kc2 Rd8 39. Re1 Kg7 40. Qe5+ Qxe5 41. Rxe5 Kf6 42. Re6+ Kxf5 43. Rxh6 Re8 44. Kd3 Re5 45. Rxa6 Kf4 46. Rh6 Re3+ 47. Kd2 Re5 48. Rd6 Re7 49. Rd5 Rh7 50. Rd3 Ra7 51. Rd5 Rxa2+ 52. Kd3 Rb2 53. Rxc5 Rxb3+ 54. Kd4 Rxh3 55. Rb5 1/2-1/2

[Event "Cheliabinsk Kurnosov Memorial Rapid-B"]
[Site "Cheliabinsk"]
[Date "2022.09.11"]
[Round "10"]
[White "Smirnova, Ekaterina"]
[Black "Gvanceladze, Anna"]
[Result "1-0"]
[WhiteElo "2227"]
[BlackElo "2183"]
[PlyCount "205"]
[EventDate "2022.09.09"]
[EventType "swiss (rapid)"]
[EventRounds "11"]
[EventCountry "RUS"]
[SourceTitle "CBM 210 Extra"]
[Source "ChessBase"]
[SourceDate "2022.11.30"]
[SourceVersion "1"]
[SourceVersionDate "2022.11.30"]
[SourceQuality "1"]

1. d4 d5 2. c4 c6 3. Nf3 Nf6 4. e3 Bf5 5. Nc3 e6 6. Nh4 Be4 7. f3 Bg6 8. Qb3 Qc7 9. Bd2 Nbd7 10. Rc1 Qb6 11. g3 Be7 12. cxd5 Qxb3 13. axb3 exd5 14. Nxg6 hxg6 15. Bg2 Nf8 16. 0-0 Ne6 17. Na4 g5 18. h3 Bd6 19. g4 Nd7 20. b4 f6 21. Nc5 Nexc5 22. bxc5 Be7 23. e4 dxe4 24. fxe4 0-0-0 25. Ba5 Rde8 26. Bc3 Nf8 27. b4 Ne6 28. Rf3 Nf4 29. Bf1 Bd8 30. Re1 Re7 31. Bd2 Bc7 32. b5 Rhe8 33. bxc6 bxc6 34. Rfe3 Rd8 35. Bc3 Kd7 36. Bg2 Rb8 37. d5 Be5 38. d6 Ree8 39. Bxe5 Rxe5 40. Ra3 Rb7 41. Ra5 Nd3 42. Rea1 Rxc5 43. Rxa7 Rcb5 44. Bf1 Kxd6 45. Rxb7 Rxb7 46. Bxd3 Ke5 47. Kf2 Kd4 48. Be2 Kxe4 49. Bf3+ Kf4 50. Ra4+ Ke5 51. Bxc6 Rc7 52. Bf3 Ke6 53. Kg3 Ke5 54. Ra5+ Ke6 55. Ra3 Ke5 56. Re3+ Kd6 57. h4 gxh4+ 58. Kxh4 Rc5 59. Be4 Ra5 60. Bf5 Ra7 61. Kh5 Rc7 62. Kg6 Ra7 63. Rd3+ Ke5 64. Rd7 Ra6 65. Kxg7 Kf4 66. Rd4+ Kg5 67. Rd7 Rb6 68. Kf7 Ra6 69. Ke7 Rb6 70. Rd5 Rb7+ 71. Bd7+ Kg6 72. Rf5 Kg7 73. Kd6 Rb6+ 74. Kc5 Ra6 75. Bb5 Re6 76. Kd5 Rb6 77. Bd7 Ra6 78. Bc6 Rb6 79. Kc5 Ra6 80. Kd6 Rb6 81. Rc5 Ra6 82. Ke6 Kg6 83. Ke7 Kg7 84. Be4 Ra4 85. Bf5 Ra7+ 86. Kd8 Ra6 87. Rc7+ Kh6 88. Ke7 Kg5 89. Kf7 Rb6 90. Kg7 Rd6 91. Kh7 Rb6 92. Rg7+ Kf4 93. Kg6 Ra6 94. Rf7 Ke5 95. Re7+ Kd5 96. Kf7 Rb6 97. Re6 Rb7+ 98. Kxf6 Rb8 99. Re7 Kd6 100. Rd7+ Kc6 101. Rd1 Kc7 102. g5 Rf8+ 103. Ke6 1-0

[Event "Cheliabinsk Kurnosov Memorial Rapid-B"]
[Site "Cheliabinsk"]
[Date "2022.09.10"]
[Round "6"]
[White "Gvanceladze, Anna"]
[Black "Yedigaryan, Asya"]
[Result "1-0"]
[WhiteElo "2183"]
[BlackElo "1879"]
[PlyCount "61"]
[EventDate "2022.09.09"]
[EventType "swiss (rapid)"]
[EventRounds "11"]
[EventCountry "RUS"]
[SourceTitle "CBM 210 Extra"]
[Source "ChessBase"]
[SourceDate "2022.11.30"]
[SourceVersion "1"]
[SourceVersionDate "2022.11.30"]
[SourceQuality "1"]

1. d4 Nf6 2. Nf3 g6 3. Nc3 d5 4. Bf4 c6 5. Qd2 Bg7 6. Bh6 Bxh6 7. Qxh6 Bf5 8. Qd2 Nbd7 9. e3 Qc7 10. Nh4 Be6 11. f4 b5 12. a3 Nb6 13. Bd3 Nc4 14. Bxc4 bxc4 15. 0-0 h6 16. f5 gxf5 17. Nxf5 0-0-0 18. b3 Qd7 19. Ng3 cxb3 20. Rab1 Rdg8 21. Rxb3 Qc7 22. Qd3 Kd8 23. Rfb1 Ng4 24. e4 dxe4 25. Ncxe4 Bxb3 26. Rxb3 f5 27. Nc5 Ke8 28. Qxf5 Rg5 29. Qe6 Qf4 30. Qd7+ Kf7 31. Rf3 1-0

[Event "Cheliabinsk Kurnosov Memorial Rapid-B"]
[Site "Cheliabinsk"]
[Date "2022.09.10"]
[Round "7"]
[White "Nosacheva, Mariya"]
[Black "Gvanceladze, Anna"]
[Result "0-1"]
[WhiteElo "2166"]
[BlackElo "2183"]
[PlyCount "116"]
[EventDate "2022.09.09"]
[EventType "swiss (rapid)"]
[EventRounds "11"]
[EventCountry "RUS"]
[SourceTitle "CBM 210 Extra"]
[Source "ChessBase"]
[SourceDate "2022.11.30"]
[SourceVersion "1"]
[SourceVersionDate "2022.11.30"]
[SourceQuality "1"]

1. e4 c6 2. c4 d5 3. exd5 cxd5 4. cxd5 Nf6 5. Qa4+ Nbd7 6. Nc3 g6 7. Bc4 Bg7 8. d3 0-0 9. Nf3 a6 10. Qa3 Nb6 11. Qb3 Nxc4 12. dxc4 Qc7 13. Be3 Bf5 14. Bb6 Qf4 15. Ne2 Qe4 16. Rc1 Rac8 17. Kf1 Bh6 18. Be3 Bxe3 19. fxe3 b5 20. Nd2 Qe5 21. cxb5 axb5 22. Kf2 Ng4+ 23. Kf3 Nxh2+ 24. Kf2 Ng4+ 25. Kf3 Nf6 26. Nf4 Rxc1 27. Rxc1 g5 28. Nd3 g4+ 29. Kf2 g3+ 30. Ke2 Bxd3+ 31. Qxd3 Nxd5 32. Qd4 Qh5+ 33. Nf3 e6 34. Rc5 b4 35. a3 bxa3 36. bxa3 Rb8 37. a4 f6 38. Rc2 Qg6 39. Qc4 Qh6 40. Qg4+ Kf7 41. Qd4 Rb4 42. Qa7+ Kg6 43. Rd2 Re4 44. Rd3 Nf4+ 45. Kd2 Nxd3 46. Kxd3 f5 47. Nd2 Re5 48. Nc4 Rd5+ 49. Kc3 Qg7+ 50. Qxg7+ Kxg7 51. a5 h5 52. a6 Rd7 53. Kb4 Kf6 54. Kb5 h4 55. e4 h3 56. e5+ Kg6 57. gxh3 g2 58. Nb6 Rc7 0-1

[Event "Titled Tuesday intern op 02nd Aug Early"]
[Site "Chess.com INT"]
[Date "2022.08.02"]
[Round "9"]
[White "Gvanceladze, Anna"]
[Black "Kostiukov, Alexandr"]
[Result "1-0"]
[WhiteElo "2183"]
[BlackElo "2271"]
[PlyCount "91"]
[EventDate "2022.08.02"]
[EventType "swiss (blitz)"]
[EventRounds "11"]
[EventCountry "USA"]
[SourceTitle "EXT 2023"]
[Source "ChessBase"]
[SourceDate "2022.10.05"]
[SourceVersion "1"]
[SourceVersionDate "2022.10.05"]
[SourceQuality "1"]

1. d4 g6 2. Nc3 Bg7 3. e4 c5 4. d5 d6 5. Nf3 Nf6 6. h3 0-0 7. Bd3 e6 8. 0-0 Na6 9. Bg5 h6 10. Bf4 exd5 11. exd5 Nb4 12. Bc4 Bf5 13. Rc1 g5 14. Bh2 Ne4 15. Nxe4 Bxe4 16. c3 Na6 17. Re1 Bf5 18. a4 Nc7 19. Qd2 Re8 20. Rxe8+ Nxe8 21. Re1 Nf6 22. Qd1 a6 23. Qb3 Qd7 24. a5 Re8 25. Rxe8+ Nxe8 26. Qb6 Bf8 27. Bg3 Qc7 28. h4 g4 29. Nd2 Qe7 30. Nf1 Qe4 31. Ne3 Bd7 32. Qxb7 Nf6 33. Qxa6 Qb1+ 34. Kh2 Qxb2 35. Bxd6 Qxc3 36. Bxf8 Kxf8 37. Qd6+ Kg7 38. Qxc5 g3+ 39. fxg3 Qxe3 40. Qxe3 Ng4+ 41. Kg1 Nxe3 42. Bb3 Bb5 43. Kf2 Ng4+ 44. Kf3 Ne5+ 45. Ke4 Kf6 46. d6 1-0

[Event "Titled Tuesday intern op 02nd Aug Early"]
[Site "Chess.com INT"]
[Date "2022.08.02"]
[Round "1"]
[White "Mitrovic, Darko R"]
[Black "Gvanceladze, Anna"]
[Result "1/2-1/2"]
[WhiteElo "2223"]
[BlackElo "2183"]
[PlyCount "67"]
[EventDate "2022.08.02"]
[EventType "swiss (blitz)"]
[EventRounds "11"]
[EventCountry "USA"]
[SourceTitle "EXT 2023"]
[Source "ChessBase"]
[SourceDate "2022.10.05"]
[SourceVersion "1"]
[SourceVersionDate "2022.10.05"]
[SourceQuality "1"]

1. d4 d5 2. c4 c6 3. Nf3 Nf6 4. e3 Bf5 5. Bd3 Bxd3 6. Qxd3 e6 7. 0-0 Nbd7 8. Nc3 Be7 9. e4 dxe4 10. Nxe4 Nxe4 11. Qxe4 0-0 12. Be3 a5 13. Rad1 a4 14. Qc2 Nf6 15. Ne5 Qa5 16. g3 Rfd8 17. Rd3 Nd7 18. f4 Nf6 19. Rfd1 Qc7 20. h3 h5 21. Qe2 g6 22. R3d2 Kg7 23. Qf3 Bb4 24. Rd3 Ra6 25. Kg2 c5 26. dxc5 Rxd3 27. Nxd3 Ba5 28. Bd4 Qe7 29. Qe3 Bc7 30. Bc3 Ra8 31. Qd4 Rd8 32. Qxf6+ Qxf6 33. Bxf6+ Kxf6 34. Nf2 1/2-1/2

[Event "Titled Tuesday intern op 12th Jul Late"]
[Site "Chess.com INT"]
[Date "2022.07.12"]
[Round "1"]
[White "Araujo, Everson de Moura"]
[Black "Gvanceladze, Anna"]
[Result "0-1"]
[WhiteElo "1983"]
[BlackElo "2212"]
[PlyCount "62"]
[EventDate "2022.07.12"]
[EventType "swiss (blitz)"]
[EventRounds "11"]
[EventCountry "USA"]
[SourceTitle "EXT 2023"]
[Source "ChessBase"]
[SourceDate "2022.10.05"]
[SourceVersion "1"]
[SourceVersionDate "2022.10.05"]
[SourceQuality "1"]

1. c4 e5 2. Nc3 Nf6 3. Nf3 Nc6 4. Qc2 Bc5 5. e3 0-0 6. a3 a5 7. Be2 d6 8. 0-0 Bg4 9. h3 Bh5 10. d3 Re8 11. Nd5 Nxd5 12. cxd5 Ne7 13. e4 h6 14. Be3 b6 15. Rab1 Qd7 16. b4 axb4 17. axb4 Bxe3 18. fxe3 c5 19. bxc5 bxc5 20. Nh4 Bxe2 21. Qxe2 Rab8 22. Qh5 f6 23. Kh2 Rec8 24. Ng6 Qe8 25. Nxe7+ Qxe7 26. Qg4 Kh8 27. Qf5 Qc7 28. Qg4 c4 29. dxc4 Qxc4 30. Qd7 Qxe4 31. Qxd6 Rxb1 0-1